| 000 | 00665nam a2200229Ia 4500 | ||
|---|---|---|---|
| 008 | 160901s9999 xx 000 0 und d | ||
| 020 | _a978-9-812-53318-0 | ||
| 050 | _aComSc QA 76.76 | ||
| 050 | _b.O63S55 2010 | ||
| 100 | _aSilberschatz, Abraham. | ||
| 245 | _aOperating system concepts / | ||
| 245 | _cAbraham Silberschatz, Peter B. Galvin, Greg Gagne. | ||
| 250 | _a8th Edition | ||
| 260 | _aSingapore : | ||
| 260 | _bJohn Wiley & Sons (Asia) Pte Ltd | ||
| 260 | _c2010 | ||
| 300 | _a972 pages : | ||
| 300 | _bill. ; | ||
| 300 | _c23 cm. | ||
| 500 | _aIncludes bibliographical references and index. | ||
| 650 | _aOperating systems (Computers). | ||
| 999 |
_c300875 _d300875 |
||